000 00328nam a22001337a 4500
082 _a894.812
_bVAS/M
100 _aK.P.VASU
245 _aMOZHIKAL MARUMOZHIKAL
250 _aFIRST EDITION
260 _aTHIRUVANANTHAPURAM
_bPRABHATHAM PRINTING & PUBLISHING
_c1996
300 _a117
650 _aMOTIVATIONAL
_zKERALA
942 _cBK
999 _c1165
_d1165